La Ngonpo : a meeting point : multicultural and global education methodology for partnership of schools /

Další autoři: Holková, Martina
Jazyk: Angličtina
Vydáno: Prague : Multicultural Centre Prague in cooperation with OnEarth - Society for Fair Trade, 2012
Témata:
Fyzický popis: 127 s. : il. (převážně barev.), mapy ; 21 x 31 cm
Knihy
Uloženo v:
LEADER 02078nam a2200517 a 4500
001 nkc20122387432
003 CZ PrNK
005 20120830080212.0
007 ta
008 120718s2012 xr ab e f 000 0 eng
015 |a cnb002387432 
020 |a 978-80-87615-01-0  |q (Multikulturní centrum ;  |q kroužková vazba) 
035 |a (OCoLC)815377338 
040 |a BOA001  |b cze  |d ABA001 
041 1 |a eng  |h cze 
043 |a e-xr--- 
072 7 |a 373.2/.3  |x Předškolní a primární výchova a vzdělávání  |2 Konspekt  |9 22 
080 |a 37.014.542  |2 MRF 
080 |a 37.043.2  |2 MRF 
080 |a 37.0-027.511  |2 MRF 
080 |a 373.3  |2 MRF 
080 |a (437.3)  |2 MRF 
080 |a (072)  |2 MRF 
245 0 3 |a La Ngonpo :  |b a meeting point : multicultural and global education methodology for partnership of schools /  |c [authors Martina Pavlíčková ... et al.] 
246 1 |i Název v tiráži:  |a Ngonpo - a meeting point 
260 |a Prague :  |b Multicultural Centre Prague in cooperation with OnEarth - Society for Fair Trade,  |c 2012 
300 |a 127 s. :  |b il. (převážně barev.), mapy ;  |c 21 x 31 cm 
500 |a Přeloženo z češtiny? 
610 2 7 |a La Ngonpo (projekt)  |7 kn20111116003  |2 czenas 
650 0 7 |a vzdělávací projekty  |7 ph242428  |z Česko  |2 czenas 
650 0 7 |a multikulturní výchova  |7 ph829799  |2 czenas 
650 0 7 |a globální rozvojové vzdělávání  |7 ph265647  |2 czenas 
650 0 7 |a základní vzdělávání  |7 ph614633  |2 czenas 
650 0 9 |a educational projects  |z Czechia  |2 eczenas 
650 0 9 |a multicultural education  |2 eczenas 
650 0 9 |a global development education  |2 eczenas 
650 0 9 |a elementary school education  |2 eczenas 
655 7 |a metodické příručky  |7 fd132826  |2 czenas 
655 9 |a methodological manuals  |2 eczenas 
700 1 |a Holková, Martina  |7 mzk2011662238  |4 aut 
910 2 |a BOA001  |b 4-1289.680 
928 9 |a NaZemi - společnost pro fair trade 
990 |a BK 
995 |a 01 
991 |b 201207  |c NOV  |e n 
996 6 |b 2610516343  |c 4-1289.680  |l MZK  |r Sklad / do 1 hodiny  |n 0  |p p.v.  |w 001267395  |u 000010  |a 1  |e BOA001  |j MZK50  |s P